<?xml version="1.0" encoding="UTF-8"?>
<collection xmlns="http://www.loc.gov/MARC21/slim">
<record>
  <controlfield tag="001">784326</controlfield>
  <controlfield tag="005">20230124071634.0</controlfield>
  <datafield tag="024" ind1="7" ind2=" ">
    <subfield code="2">I:(DE-82)001210_20140620</subfield>
    <subfield code="a">G:(DE-82)LBZ</subfield>
    <subfield code="d">LBZ</subfield>
  </datafield>
  <datafield tag="035" ind1=" " ind2=" ">
    <subfield code="a">G:(DE-82)LBZ</subfield>
  </datafield>
  <datafield tag="150" ind1=" " ind2=" ">
    <subfield code="a">Publikationen Lehramt RWTH Aachen</subfield>
    <subfield code="y">2020-02-20</subfield>
  </datafield>
  <datafield tag="450" ind1=" " ind2=" ">
    <subfield code="a">LBZ</subfield>
    <subfield code="w">d</subfield>
    <subfield code="y">2020-02-20</subfield>
  </datafield>
  <datafield tag="510" ind1="1" ind2=" ">
    <subfield code="0">I:(DE-82)001210_20140620</subfield>
    <subfield code="a">Lehrerbildungszentrum</subfield>
    <subfield code="b">LBZ</subfield>
  </datafield>
  <datafield tag="909" ind1="C" ind2="O">
    <subfield code="o">oai:juser.fz-juelich.de:874071</subfield>
    <subfield code="p">authority:GRANT</subfield>
    <subfield code="p">authority</subfield>
  </datafield>
  <datafield tag="980" ind1=" " ind2=" ">
    <subfield code="a">G</subfield>
  </datafield>
  <datafield tag="980" ind1=" " ind2=" ">
    <subfield code="a">AUTHORITY</subfield>
  </datafield>
  <datafield tag="909" ind1="C" ind2="O">
    <subfield code="o">oai:juser.fz-juelich.de:874071</subfield>
  </datafield>
</record>
</collection>